Statistics for Geography Analogies HARD

Click here to take the quiz!

General Stats

  • This quiz has been taken 264 times
  • The average score is 8 of 20

Answer Stats

This is to this …As …% Correct
Sub Umbra Floreo
is to Belize
Ordem E Progresso
is to {Brazil}
96%
Canberra is to Sydney{Brasilia} is to Rio de Janeiro
90%
Northern Macedonia is
to The Former Yugoslav
Republic of Macedonia
eSwatini is to {Swaziland}
75%
Baguette is to FranceHawaiian Pizza
is to {Canada}
73%
Norway is to North KoreaPortugal is to
{Andorra/France/UK}
68%
Vatican City is to
Population
{Mongolia} is to
population density
60%
San Diego to MiamiPerth is to {Brisbane}
58%
Faroe islands are
to Denmark
Saint Helena is to {UK}
56%
France is to the
Arctic Ocean
USA is to
{The Indian Ocean}
36%
Chile is to South{Denmark} is to North
33%
221,831 is to Sweden{0} is to Belgium
28%
Qing is to China{Aztec} is to Mexico
26%
Puerto Rico is to the US{BES Islands}
is to Netherlands
25%
Afghani is to Afghanistan{Euro} is to Spain
17%
tv is to Tuvaludz is to {Algeria}
16%
Ice Hockey is to Canada{Capoeira} is to Brazil
8%
Badwater Basin is to
North America
{The Dead Sea} is to Asia
6%
Emperor is to Japan{Dragon} {King} is to Bhutan
3%
Macau is to Denmark{Saudi} {Arabia} is to Malawi
1%
Silverstone is to the UK{May Day Stadium}
is to the DPRK
0%

Score Distribution

Percentile by Number Answered

Percent of People with Each Score

Your Score History

You have not taken this quiz